Al-Muʻjam al-mufaṣṣal fī al-imlāʼ : : (Record no. 3630)
[ view plain ]
| 000 -LEADER | |
|---|---|
| fixed length control field | 00966cam a2200289Ia 4500 |
| 001 - CONTROL NUMBER | |
| control field | ocn452033059 |
| 003 - CONTROL NUMBER IDENTIFIER | |
| control field | OCoLC |
| 005 - DATE AND TIME OF LATEST TRANSACTION | |
| control field | 20171007145121.0 |
| 008 - FIXED-LENGTH DATA ELEMENTS--GENERAL INFORMATION | |
| fixed length control field | 091007s1999 le b 000 0 ara d |
| 020 ## - INTERNATIONAL STANDARD BOOK NUMBER | |
| International Standard Book Number | 2745114379 |
| 020 ## - INTERNATIONAL STANDARD BOOK NUMBER | |
| International Standard Book Number | 9782745114372 |
| 035 ## - SYSTEM CONTROL NUMBER | |
| System control number | (OCoLC)452033059 |
| 040 ## - CATALOGING SOURCE | |
| Original cataloging agency | LOA |
| Language of cataloging | eng |
| Transcribing agency | LOA |
| Modifying agency | OCLCQ |
| -- | EXG |
| -- | OCLCF |
| -- | OCLCO |
| -- | OCLCQ |
| 049 ## - LOCAL HOLDINGS (OCLC) | |
| Holding library | TZAA |
| 050 #4 - LIBRARY OF CONGRESS CALL NUMBER | |
| Classification number | PJ6127 |
| Item number | .Y36 |
| 100 1# - MAIN ENTRY--PERSONAL NAME | |
| Personal name | Yamīn, Nāṣīf. |
| 245 13 - TITLE STATEMENT | |
| Title | Al-Muʻjam al-mufaṣṣal fī al-imlāʼ : : |
| Remainder of title | qawāʻid wa-nuṣūs / |
| Statement of responsibility, etc | iʻdād Nāṣif Yamīn. |
| 250 ## - EDITION STATEMENT | |
| Edition statement | al-Ṭabʻah 4. |
| 260 ## - PUBLICATION, DISTRIBUTION, ETC. (IMPRINT) | |
| Place of publication, distribution, etc | Bayrūt : |
| Name of publisher, distributor, etc | Dār al-Kutub al-ʻIlmīyah |
| Date of publication, distribution, etc | 1999. |
| 300 ## - PHYSICAL DESCRIPTION | |
| Extent | 360 pages ; |
| Dimensions | 25 cm. |
| 490 1# - SERIES STATEMENT | |
| Series statement | al-Khizānah al-lughawīyah |
| 504 ## - BIBLIOGRAPHY, ETC. NOTE | |
| Bibliography, etc | Includes bibliographical references (pages 343-345). |
| 650 #0 - SUBJECT ADDED ENTRY--TOPICAL TERM | |
| Topical term or geographic name as entry element | Arabic language |
| General subdivision | Orthography and spelling. |
| 650 #7 - SUBJECT ADDED ENTRY--TOPICAL TERM | |
| Topical term or geographic name as entry element | Arabic language |
| General subdivision | Orthography and spelling. |
| Source of heading or term | fast |
| 830 #0 - SERIES ADDED ENTRY--UNIFORM TITLE | |
| Uniform title | Khizānah al-lughawīyah. |
| 942 ## - ADDED ENTRY ELEMENTS (KOHA) | |
| Source of classification or shelving scheme | Library of Congress Classification |
| Koha item type | Books |
| Home library | Current library | Date acquired | Full call number | Barcode | Koha item type |
|---|---|---|---|---|---|
| African Court on Human and Peoples' Rights Library | African Court on Human and Peoples' Rights Library | 07/10/2017 | PJ6127 .Y36 | 10227083 | Books |
